| 000 | 00654nam a2200193 a 4500 | ||
|---|---|---|---|
| 008 | 060316s1976 ||||||||||||||||| || u | ||
| 020 | _a0672213001 | ||
| 050 | _aTK 6565.A6 Lyt | ||
| 100 | _aWaters, Farl Jacob | ||
| 245 | 1 | 0 | _aAbc's of antennas / |
| 250 | _a2d ed. | ||
| 260 |
_aIndianapolis : _bH. W. Sams _c1976 |
||
| 260 |
_aIndianapolis : _bHoward W. Sams & Co _c1976 |
||
| 300 | _a127 p. : ill. | ||
| 350 | _a0.00 | ||
| 650 | _aRADIO--ANTENNAS | ||
| 700 | _aLytel, Allan Herbert, 1920- | ||
| 995 |
_D0.00 _FCBU-MAIN LIBRARY (Kitwe) _H1 _I3.00 _UWEEDED _ZMain Library Open Access Collection |
||
| 999 |
_c33183 _d33183 |
||